Logo BPK

Biblioteka

Politechniki Koszalińskiej

Wielka Ilustrowana Encyklopedia powszechna. (Rekord nr 11026)

Szczegóły MARC
000 -ETYKIETA REKORDU
podpole kontrolne o stałej długości 00274nam a2200121 i 4500
001 - NUMER KONTROLNY REKORDU
pole kontrolne bg
040 ## - ŹRÓDŁO KATALOGOWANIA
Instytucja, która utworzyła rekord BPK
041 ## - KOD JĘZYKA
Kod języka tekstu pol
008 - POLE O STAŁEJ DŁUGOŚCI - DANE KONTROLNE
podpole kontrolne o stałej długości s pl f |000 0 pol
245 #0 - TYTUŁ/ODPOWIEDZIALNOŚĆ
Tytuł Wielka Ilustrowana Encyklopedia powszechna.
Oznaczenie części/sekcji dzieła T.16.
260 ## - STREFA ADRESU WYDAWNICZEGO
Miejsce wydania Kraków.
856 ## - LOKALIZACJA I DOSTĘP DO ELEKTRONICZNYCH DOKUMENTÓW ZDALNYCH
Link (URL) http://koha.tu.koszalin.pl/cgi-bin/koha/opac-detail.pl?biblionumber=11026
Tekst linku Katalog online BPK
942 ## - DODATKOWE ELEMENTY (KOHA)
Typ dokumentu Książka
Egzemplarze
Wycofany Status egzemplarza Uszkodzony Dostępność Kolekcja Lokalizacja stała Lokalizacja bieżąca Miejsce przechowywania Sygnatura Kod kreskowy Typ dokumentu Uwaga przeznaczona na użytek publiczny
      Tylko na miejscu Bibliotekarstwo Biblioteka Politechniki Koszalińskiej Biblioteka Politechniki Koszalińskiej Zbiory Wewnętrzne 1574 02187372 Książka D5
© 2023 Biblioteka Politechniki Koszalińskiej :: KOHA